| 000 | 00353pab a2200145 454500 | ||
|---|---|---|---|
| 008 | 180718b1995 xxu||||| |||| 00| 0 eng d | ||
| 100 | _aTrivedi, Raj S. | ||
| 245 | _aTowards economic independence | ||
| 260 | _c1995 | ||
| 300 | _ap.55-56 | ||
| 362 | _aAug-Sep | ||
| 650 | _aSaving and investment - India | ||
| 773 | _aSocial Welfare | ||
| 909 | _a29368 | ||
| 999 |
_c29368 _d29368 |
||